000 01092nam0a22002531 4500
001 v19\rc\1610147
005 20260406135937.0
035 _a(NLR Aleph) 004730688
090 _a4442606
_c4442606
100 _a20061002d1897 |||y0rusy50 ca
101 0 _arus
102 _aRU
105 _ay z |||||
200 1 _aОтчет по постройке городского театра за 1894, 95 и 96 гг. [с приложением общего свода расходов]
210 _aНижний Новгород
_cтип. Ройского и Душина
_d1897
215 _a212 с.
_d25
532 1 1 _aОтчет по постройке городского театра за тысяча восемьсот девяносто четвертый, 95 и 96 гг. [с приложением общего свода расходов]
710 0 2 _aНижегородский гор. театр
_3RU\NLR\AUTH\889918894
_9333898
801 0 _aRU
_bNLR
_gpsbo
801 0 _aRU
_bRuMoRGB
_2psbo
801 1 _aRU
_bProSoft-M
_2rusmarc
852 _aNLR
_j72-7/1383
942 _cBOOK
980 _aNB